000 01368cam a22003251ia4500
003 SA-RiAUC
005 20241117131908.0
008 241116s1985 le g b 001 0 ara c
040 _aSA-JeALM
_bara
_cSA-RiAUC
_erda
050 4 _b.K5 1985
050 4 _bK48. 1985
082 0 4 _a226.2
_qSA-RiAUC
090 _a226.2
_b ك ي ا
100 1 _aالكيا الهراسي، علي بن محمد بن علي،
_d450-504 هجري
_eمؤلف.
245 1 0 _aأحكام القرآن /
_cعلي بن محمد الطبري المعروف بالكيا الهراسي ؛ ضبطها وصححها جماعة من العلماء ؛ إشراف دار الكتب العالمية.
250 _aالطبعة الاولى.
264 1 _aبيروت :
_bدار الكتب العلمية،
_c1983
300 _a4 مجلد ؛
_c24 سم
336 _aنص
_btxt
_2rdacontent
_3كتاب
337 _aبدون وسيط
_bn
_2rdamedia
338 _aمجلد
_bnc
_2rdacarrier
500 _aيشتمل على كشافات.
504 _aيشتمل على إرجاعات ببليوجرافية.
630 2 7 _aالقرآن
_xأحكام
_2aucut
630 2 7 _aالقرآن
_xتفاسير
_2aucut
710 2 _aدار الكتب العالمية (بيروت)
_eمشرف.
730 2 2 _aالقرآن
942 _2ddc
_cBOOK
_n0
949 _aSA-JeALM
_d241116
_umohamedma123
_n1
999 _c2427
_d2427